| 000 | 01139nam a22003377a 4500 | ||
|---|---|---|---|
| 999 |
_c21639 _d21639 |
||
| 003 | AR-CdUCM | ||
| 008 | 190425b ||||| |||| 00| 0 spa d | ||
| 020 | _a9786123180539 | ||
| 020 | _a9786123180546 | ||
| 020 | _a9786123180553 | ||
| 040 |
_aMUNICIPALIDAD PROVINCIAL DEL CUSCO _cBIBLIOTECA MUNICIPAL DEL CUSCO |
||
| 082 |
_a780.03/F74 _bF74 |
||
| 100 |
_aFoppiano Rabinovich, Gino _945623 |
||
| 245 |
_aNegocios musicales : _b¿se puede vivir del arte en el Perú? / _cGino Foppiano |
||
| 260 |
_aLima ; _bUniversidad Peruana de Ciencias Aplicadas, _c2016. |
||
| 300 |
_a2 tomos. : _bilustraciones en color ; _c25 cm. |
||
| 500 | _zIncluye bibliografías | ||
| 650 |
_aMúsica _91443 |
||
| 650 |
_aIndustria musical _945624 |
||
| 650 |
_aIndustria discográfica _945625 |
||
| 650 |
_aMúsica popular _917212 |
||
| 650 |
_aMúsicos _95854 |
||
| 650 |
_aRadiodifusión _916505 |
||
| 650 |
_aEmpleados _911242 |
||
| 650 |
_aAspectos sociales _9262 |
||
| 650 |
_aDescripciones de empleo _945626 |
||
| 650 |
_aPerú _945627 |
||
| 710 |
_aUniversidad Peruana de Ciencias Aplicadas _945331 |
||
| 942 |
_2ddc _cLIBROS |
||
| 945 | _aRoel | ||